| 000 | 00558cam a2200133 4500500 | ||
|---|---|---|---|
| 005 | 20260111091251.0 | ||
| 041 | _afre | ||
| 042 | _adc | ||
| 245 | 0 | 0 | _aTomatis Fr., Pareyson. Vita, filosofia, bibliografia, coll. Filosofia n.s. 10, Morcelliana, Brescia, 2003, 21x15, 198 p., 16.50 €. ISBN 88-372-1914-8 |
| 260 | _c2005. | ||
| 500 | _a57 | ||
| 786 | 0 | _nNouvelle revue théologique | 127 | 4 | 2005-12-15 | p. 666t-679t | 0029-4845 | |
| 856 | 4 | 1 | _uhttps://shs.cairn.info/revue-nouvelle-revue-theologique-2005-4-page-666t?lang=fr&redirect-ssocas=7080 |
| 999 |
_c1620785 _d1620785 |
||